[Event "World Blitz 2023"]
[Site "Samarkand UZB"]
[Date "2023.12.30"]
[Round "18.17"]
[White "Uskov, Artem"]
[Black "Vidit, Santosh Gujrathi"]
[Result "1/2-1/2"]
[WhiteElo "2328"]
[BlackElo "2642"]
[EventDate "2023.12.29"]

1. Nf3 c5 2. c4 Nf6 3. Nc3 e6 4. g3 d5 5. cxd5 exd5 6. d4 Nc6 7. Bg2 Be7 8.
O-O O-O 9. b3 Ne4 10. Bb2 Bf6 11. e3 Bg4 12. Ne2 cxd4 13. Nexd4 Qd7 14. Rc1
Bxd4 15. Bxd4 Qf5 16. Nh4 Bxd1 17. Nxf5 Bg4 18. Nh4 Nxd4 19. exd4 g5 20. f3
gxh4 21. fxe4 h3 22. Bh1 dxe4 23. Bxe4 Rad8 24. Rf4 f5 25. Bxb7 Rfe8 26.
Ba6 Re4 27. Rxe4 fxe4 28. d5 Kg7 29. Bc4 Kf6 30. Rf1+ Ke5 31. Rf4 h5 32.
Kf2 Kd4 33. a4 a5 34. Rf6 e3+ 35. Ke1 Ke5 36. Rf7 Kd4 37. Rf4+ Ke5 38. Rf7
Kd4 39. Rf4+ Ke5 40. Rf1 Kd4 41. Rf7 Rd6 42. Be2 Rxd5 43. Bxg4 hxg4 44. Ke2
Kc3 45. Kxe3 Rd3+ 46. Ke4 Rd2 47. Rb7 Rxh2 48. Kf4 Rh1 49. Kxg4 h2 50. Rh7
Kxb3 51. Kh3 Kxa4 52. Rb7 Ka3 53. Kg2 Rd1 54. Kxh2 a4 55. Kh3 Rd4 56. g4
Ka2 57. g5 a3 58. g6 Rd6 59. g7 Rg6 60. Kh4 Ka1 61. Kh5 Rxg7 1/2-1/2

[Event "World Blitz 2023"]
[Site "Samarkand UZB"]
[Date "2023.12.30"]
[Round "18.18"]
[White "Aravindh, Chithambaram Vr."]
[Black "Shimanov, Aleksandr"]
[Result "1-0"]
[WhiteElo "2584"]
[BlackElo "2611"]
[EventDate "2023.12.29"]

1. e4 e6 2. d4 d5 3. Nd2 c5 4. Ngf3 Nf6 5. exd5 Nxd5 6. Bb5+ Bd7 7. Bxd7+
Qxd7 8. O-O Nc6 9. Nc4 cxd4 10. Nxd4 Bc5 11. Nb3 Be7 12. Ne3 Nf6 13. Bd2
O-O 14. Bc3 Qc7 15. Qf3 Rac8 16. Rad1 Rfd8 17. g3 b5 18. Rxd8+ Rxd8 19. Rd1
Rxd1+ 20. Qxd1 b4 21. Be1 Ne5 22. c3 a5 23. Nd4 Qb7 24. f4 Ned7 25. Qf3 Ne4
26. Nc4 bxc3 27. Bxc3 Ndf6 28. Nxa5 Qd5 29. Nab3 h5 30. Kg2 Qc4 31. Qe2 Qd5
32. Qf3 Qc4 33. Be1 Qd5 34. h3 Bd6 35. Nc2 Qa8 36. a3 Qb7 37. Ncd4 Qd5 38.
a4 Bb8 39. a5 Ba7 40. Bc3 Qc4 41. Qe2 Qd5 42. Qf3 Qc4 43. Qe2 Qd5 44. Qf3
Qd7 45. a6 Qa4 46. Qd3 Nd6 47. Be1 Nc4 48. Bf2 Nd5 49. Nd2 Nxb2 50. Qb5 Qa2
51. Qe8+ Kh7 52. Qxf7 Nc4 53. Qxh5+ Kg8 54. Qe8+ Kh7 55. Qh5+ Kg8 56. Nxc4
Bxd4 57. Qe8+ Kh7 58. Qh5+ Kg8 59. Qf3 Qxc4 60. a7 Qa2 61. a8=Q+ Qxa8 62.
Bxd4 Qa2+ 63. Bf2 Qc2 64. g4 Qc4 65. Kg3 Nc3 66. Qe3 Ne4+ 67. Kf3 Nc3 68.
Qe5 Qc6+ 69. Kg3 Ne4+ 70. Kg2 Nd2+ 71. Kg3 Qf3+ 72. Kh4 Qxf2+ 73. Kh5 Qb6
74. Kg6 Nc4 75. Qxg7# 1-0

[Event "World Blitz 2023"]
[Site "Samarkand UZB"]
[Date "2023.12.30"]
[Round "18.19"]
[White "Grischuk, Alexander"]
[Black "Bocharov, Dmitry"]
[Result "1-0"]
[WhiteElo "2699"]
[BlackElo "2482"]
[EventDate "2023.12.29"]

1. d4 Nf6 2. Bf4 d5 3. e3 c5 4. Nf3 Nc6 5. Nbd2 Nh5 6. dxc5 Nxf4 7. exf4
Qa5 8. c4 e6 9. a3 Qxc5 10. Bd3 g6 11. O-O Bg7 12. cxd5 Qxd5 13. Be4 Qd6
14. Bxc6+ Qxc6 15. Ne5 Qd5 16. Ndc4 O-O 17. Qe2 b6 18. Rfd1 Qb5 19. a4 Qb4
20. Nc6 Qc5 21. N4e5 Bxe5 22. Rac1 Qxc1 1-0

[Event "World Blitz 2023"]
[Site "Samarkand UZB"]
[Date "2023.12.30"]
[Round "18.20"]
[White "Sadhwani, Raunak"]
[Black "Narayanan, S L"]
[Result "0-1"]
[WhiteElo "2668"]
[BlackElo "2564"]
[EventDate "2023.12.29"]

1. e4 e5 2. Nf3 Nc6 3. Bb5 a6 4. Ba4 Nf6 5. d3 b5 6. Bb3 Bc5 7. c3 d6 8.
Bg5 h6 9. Bh4 Ba7 10. a4 b4 11. a5 g5 12. Bg3 O-O 13. Nbd2 Rb8 14. O-O Ne7
15. d4 Ng6 16. dxe5 Nh5 17. exd6 Nxg3 18. hxg3 Qxd6 19. Kh1 bxc3 20. bxc3
g4 21. Nd4 Bxd4 22. Nc4 Qe7 23. cxd4 Qxe4 24. Ne3 Rd8 25. d5 h5 26. Rc1 Qe5
27. Bc2 Nf8 28. Bd3 Bb7 29. Bc4 c6 30. Re1 Qf6 31. d6 Rxd6 32. Qb3 Rdd8 33.
Rb1 c5 34. Qa3 Qg5 35. Qa2 Rd7 36. Rb6 Rbd8 37. Bxf7+ Rxf7 38. Rxb7 Rd7 39.
Rb6 h4 40. Nc4 hxg3 41. fxg3 Rde7 42. Rd1 Rh7+ 43. Kg1 Kh8 44. Qb2+ Kg8 45.
Qb3 Kh8 46. Qc3+ Kg8 47. Nd6 Qh5 48. Qc4+ Kh8 49. Qf4 Nd7 50. Rbb1 Rh6 51.
Re1 Rxe1+ 52. Rxe1 Qh2+ 53. Kf2 Rf6 54. Nf5 Qh5 55. Ke2 Rxf5 56. Qd6 Re5+
57. Kd2 Rd5+ 0-1

[Event "World Blitz 2023"]
[Site "Samarkand UZB"]
[Date "2023.12.30"]
[Round "18.21"]
[White "Adhiban, B."]
[Black "Tomashevsky, Evgeny"]
[Result "0-1"]
[WhiteElo "2576"]
[BlackElo "2663"]
[EventDate "2023.12.29"]

1. e4 e5 2. Nf3 Nc6 3. Bb5 a6 4. Ba4 Nf6 5. d3 d6 6. c3 g6 7. Nbd2 Bg7 8.
Nf1 O-O 9. Ne3 b5 10. Bc2 d5 11. exd5 Nxd5 12. Nxd5 Qxd5 13. O-O Bb7 14.
Be3 Rad8 15. Qe2 Rfe8 16. Rfd1 Nd4 17. Bxd4 exd4 18. Qd2 dxc3 19. bxc3 Qh5
20. Qf4 Bxc3 21. Bb3 Qf5 22. Qxf5 gxf5 23. Rac1 Bxf3 24. gxf3 b4 25. a3 a5
26. axb4 axb4 27. d4 Kg7 28. Rd3 Kf6 29. Rcd1 Re2 30. f4 Rg8+ 31. Kf1 Rb2
32. Bc4 Rg4 33. Rf3 h5 34. d5 Rd2 35. Rxd2 Bxd2 36. Ke2 Bxf4 37. h3 Rh4 38.
Bd3 Ke5 39. Bc2 Kxd5 40. Bxf5 c5 41. Bh7 c4 42. Bg8 Ke6 43. Kd1 Kf6 44. Bh7
Ke5 45. Bg8 Kf6 46. Bh7 b3 47. Rc3 Be5 48. Rf3+ Kg7 49. Bf5 Rd4+ 50. Ke2 h4
51. Re3 Kf6 52. Bh7 Rd8 53. Rf3+ Ke7 54. Re3 Kf6 55. Rf3+ Kg7 56. Bf5 c3
57. Re3 Bf6 58. Re4 Rd5 59. Rg4+ Kf8 60. Bd3 Rc5 61. Rb4 c2 0-1

[Event "World Blitz 2023"]
[Site "Samarkand UZB"]
[Date "2023.12.30"]
[Round "18.22"]
[White "Petrosyan, Manuel"]
[Black "Korobov, Anton"]
[Result "1-0"]
[WhiteElo "2556"]
[BlackElo "2649"]
[EventDate "2023.12.29"]

1. d4 d5 2. Bf4 e6 3. e3 Bd6 4. Nf3 Bxf4 5. exf4 Nf6 6. Nbd2 b6 7. c3 O-O
8. h4 Ba6 9. Bxa6 Nxa6 10. h5 c5 11. h6 g6 12. Qe2 Nc7 13. Ne5 Nd7 14. Ndf3
f6 15. Nd3 Qe7 16. O-O Qd6 17. g3 c4 18. Nb4 a5 19. Nc2 b5 20. a3 Rae8 21.
Rfe1 Nb6 22. Ne3 Nc8 23. a4 b4 24. b3 cxb3 25. Qb2 Na6 26. Qxb3 bxc3 27.
Qxc3 Nb4 28. Rec1 Re7 29. Qc5 Qa6 30. Qb5 Qa7 31. Ng4 Nd6 32. Qe2 Ne4 33.
Ra3 Kf7 34. Re3 Rb8 35. Nd2 Nd6 36. Nb3 Nc4 37. Rec3 Nc6 38. Qd3 Rb4 39.
Nc5 Nb2 40. Qe3 Nxd4 41. Nxf6 Nf5 42. Qe5 Qc7 43. Nxh7 Qxe5 44. fxe5 Nc4
45. Ng5+ Kg8 46. h7+ Kh8 47. Nd3 Rxa4 48. Nf4 Rxh7 49. Nxh7 1-0

[Event "World Blitz 2023"]
[Site "Samarkand UZB"]
[Date "2023.12.30"]
[Round "18.23"]
[White "Idani, Pouya"]
[Black "Mamedov, Rauf"]
[Result "1/2-1/2"]
[WhiteElo "2574"]
[BlackElo "2635"]
[EventDate "2023.12.29"]

1. e4 c5 2. Nf3 d6 3. Bb5+ Bd7 4. Bxd7+ Qxd7 5. d4 cxd4 6. Qxd4 Nc6 7. Qd3
g6 8. O-O Bg7 9. c4 Nf6 10. Nc3 O-O 11. Bd2 Rfc8 12. b3 Qd8 13. Rad1 a6 14.
Rfe1 Rab8 15. a4 Nd7 16. Rb1 Nde5 17. Qe2 Nxf3+ 18. Qxf3 e6 19. Red1 Qe7
20. Bf4 Be5 21. Qe3 Qh4 22. Bg3 Qf6 23. Ne2 Qe7 24. f4 Bg7 25. f5 Ne5 26.
fxe6 fxe6 27. Nd4 Rf8 28. Nf3 Rbd8 29. Bxe5 Bxe5 30. Nxe5 dxe5 31. c5 Rf4
32. g3 Rff8 33. b4 Qf6 34. b5 axb5 35. axb5 Rd4 36. Rf1 Qe7 37. Rxf8+ Qxf8
38. Rc1 Qd8 39. c6 bxc6 40. bxc6 Rd1+ 41. Kg2 Rd3 42. Qe1 Rd2+ 43. Kh3 Rd3
44. c7 Qc8 45. Qb4 Rf3 46. Qb8 Rf8 47. Qxc8 Rxc8 48. Kg4 Kg7 49. Rc6 Kf6
50. h4 h5+ 51. Kf3 Ke7 52. g4 Kd7 53. Rc5 Kd6 54. Ra5 Rxc7 55. gxh5 gxh5
56. Ra6+ Ke7 57. Ra8 Rc3+ 58. Kg2 Re3 59. Rh8 Rxe4 60. Rxh5 Kf6 61. Kf3
Rf4+ 62. Ke3 Ra4 63. Rh8 e4 64. Rh5 e5 65. Rh8 Ke6 66. h5 1/2-1/2

[Event "World Blitz 2023"]
[Site "Samarkand UZB"]
[Date "2023.12.30"]
[Round "18.24"]
[White "Makarian, Rudik"]
[Black "Tsydypov, Zhamsaran"]
[Result "1/2-1/2"]
[WhiteElo "2540"]
[BlackElo "2626"]
[EventDate "2023.12.29"]

1. c4 e6 2. Nf3 d5 3. d4 Nf6 4. g3 dxc4 5. Bg2 Nc6 6. Qa4 Bd6 7. O-O O-O 8.
Qxc4 e5 9. dxe5 Nxe5 10. Nxe5 Bxe5 11. Qc2 c6 12. Nd2 h6 13. Nc4 Bc7 14. b3
Be6 15. Ba3 Re8 16. Rad1 Qc8 17. Bb2 Bxc4 18. Qxc4 Be5 19. Bxe5 Rxe5 20.
Rd2 Qe6 21. Qxe6 Rxe6 22. e3 Kf8 23. Rfd1 Ke7 24. Bf3 a5 25. Rd4 Re5 26.
Kg2 g6 27. h3 h5 28. R1d2 Rc5 29. Be2 Rd5 30. f4 Rxd4 31. Rxd4 Nd5 32. Kf3
Nc3 33. a4 Nxe2 34. Kxe2 1/2-1/2

[Event "World Blitz 2023"]
[Site "Samarkand UZB"]
[Date "2023.12.30"]
[Round "18.1"]
[White "Ponomariov, Ruslan"]
[Black "Bharath, Subramaniyam H"]
[Result "1-0"]
[WhiteElo "2613"]
[BlackElo "2435"]
[EventDate "2023.12.29"]

1. d4 Nf6 2. c4 b6 3. Nc3 Bb7 4. Qc2 d5 5. cxd5 Nxd5 6. Nf3 e6 7. e4 Nxc3
8. bxc3 Be7 9. Bd3 c5 10. O-O O-O 11. Qe2 cxd4 12. cxd4 Nc6 13. Bb2 Nb4 14.
Bc4 Rc8 15. a3 Nc6 16. Rad1 Na5 17. Bd3 Bf6 18. Rfe1 Qc7 19. h4 Rfd8 20. g3
g6 21. h5 Nc4 22. hxg6 hxg6 23. Bc1 b5 24. Kg2 Bg7 25. Rh1 Qc6 26. Bh6 Nd6
27. Rc1 Qd7 28. Rxc8 Rxc8 29. Qe3 f6 30. Bxg7 Qxg7 31. Qf4 Nf7 32. Bxb5 g5
33. Qe3 Rd8 34. Bc4 g4 35. Nd2 Ng5 36. Rb1 Rd7 37. Rb5 f5 38. Rxf5 Nf7 39.
Bxe6 Re7 40. d5 Kf8 41. Qf4 Ke8 42. Bxf7+ Rxf7 43. Qb8+ 1-0

[Event "World Blitz 2023"]
[Site "Samarkand UZB"]
[Date "2023.12.30"]
[Round "18.2"]
[White "Daneshvar, Bardiya"]
[Black "Pantsulaia, Levan"]
[Result "1-0"]
[WhiteElo "2483"]
[BlackElo "2579"]
[EventDate "2023.12.29"]

1. c4 c5 2. g3 g6 3. Bg2 Bg7 4. Nc3 Nc6 5. a3 d6 6. Rb1 e6 7. b4 Nge7 8. e3
Bxc3 9. dxc3 O-O 10. Qe2 e5 11. e4 Be6 12. Bh6 Re8 13. Bg5 Kg7 14. Nf3 f6
15. Be3 Qc7 16. O-O Nb8 17. bxc5 dxc5 18. Nd2 b6 19. f4 Nd7 20. f5 Bg8 21.
h4 Nc6 22. g4 Na5 23. g5 Rf8 24. Bh3 Qc6 25. Kh2 Rad8 26. Rg1 fxg5 27. Rxg5
Nf6 28. Rbg1 Qa4 29. fxg6 h6 30. Rxe5 Nc6 31. Rd5 Qc2 32. Rxd8 Rxd8 33. Rg2
Ne5 34. Bf4 Nd3 35. Qe3 Nxf4 36. Qxf4 Qxc3 37. e5 Nh5 38. Qe4 Rxd2 39. Qb7+
Kf8 40. g7+ Ke8 41. Qc6+ Kd8 42. Qc8+ Ke7 43. Qf8# 1-0

[Event "World Blitz 2023"]
[Site "Samarkand UZB"]
[Date "2023.12.30"]
[Round "18.3"]
[White "Dardha, Daniel"]
[Black "Giri, Anish"]
[Result "0-1"]
[WhiteElo "2568"]
[BlackElo "2731"]
[EventDate "2023.12.29"]

1. d4 Nf6 2. Bg5 e6 3. e4 h6 4. Bxf6 Qxf6 5. e5 Qd8 6. Qg4 b6 7. Nf3 Bb7 8.
Nc3 d5 9. exd6 cxd6 10. O-O-O Nd7 11. d5 e5 12. Bb5 a6 13. Bc6 Qc7 14. Rhe1
O-O-O 15. Kb1 Kb8 16. Qh3 Nf6 17. Bxb7 Qxb7 18. a4 Be7 19. Nd2 Rc8 20. Qd3
Ka7 21. Nb3 Rc7 22. Na2 Rhc8 23. Nb4 Rc4 24. c3 Bf8 25. Nc6+ R8xc6 26. dxc6
Qxc6 27. a5 b5 28. Qe3+ Kb7 29. f3 Nd5 30. Qd2 Nc7 31. Qd3 f6 32. Nd2 Ra4
33. b4 d5 34. Nb3 Qc4 35. Qxc4 bxc4 36. Nd2 Nb5 37. Kb2 d4 38. Ne4 dxc3+
39. Kc2 Nd4+ 40. Kxc3 Bxb4+ 41. Kb2 Bxe1 42. Nc5+ Kc6 43. Nxa4 Bxa5 44. f4
Bb4 45. fxe5 fxe5 46. Nc3 a5 47. Rf1 Ne6 48. Re1 Nc5 49. Kc2 Na4 50. Rxe5
Nxc3 51. Rf5 Nb5 52. Rf7 Nd4+ 53. Kd1 c3 0-1

[Event "World Blitz 2023"]
[Site "Samarkand UZB"]
[Date "2023.12.30"]
[Round "18.4"]
[White "Sjugirov, Sanan"]
[Black "Fedoseev, Vladimir"]
[Result "0-1"]
[WhiteElo "2569"]
[BlackElo "2719"]
[EventDate "2023.12.29"]

1. e4 c6 2. d4 d5 3. e5 Bf5 4. Nf3 e6 5. Be2 Ne7 6. O-O Nd7 7. Nbd2 h6 8.
Nb3 Be4 9. c3 a5 10. a4 Qb6 11. h3 g5 12. Ne1 Bg6 13. Nd3 Nf5 14. Nd2 Be7
15. Bh5 c5 16. Bxg6 fxg6 17. dxc5 Nxc5 18. Nxc5 Bxc5 19. Nb3 O-O 20. Nxc5
Qxc5 21. Qd3 Rac8 22. Bd2 Qc4 23. Qxc4 dxc4 24. Rfd1 Rfd8 25. Be3 Nxe3 26.
fxe3 Kf7 27. Rd4 Rd5 28. Rf1+ Ke7 29. Rf6 Rxe5 30. Rxg6 Kf7 31. Rxh6 Kg7
32. Rh5 Kg6 33. g4 Rxe3 34. Kf2 Rd3 35. Rxd3 cxd3 36. Ke3 Rd8 37. Kd2 e5
38. h4 gxh4 39. Rxe5 Rh8 40. Kxd3 h3 41. Re1 Kg5 42. Rh1 Kxg4 43. Ke2 h2
44. Kf2 Kh3 0-1

[Event "World Blitz 2023"]
[Site "Samarkand UZB"]
[Date "2023.12.30"]
[Round "18.6"]
[White "Kuzubov, Yuriy"]
[Black "Matlakov, Maxim"]
[Result "1-0"]
[WhiteElo "2487"]
[BlackElo "2638"]
[EventDate "2023.12.29"]

1. d4 Nf6 2. Nf3 d5 3. c4 e6 4. Nc3 Be7 5. cxd5 exd5 6. Bf4 c6 7. e3 Bf5 8.
Nh4 Be6 9. h3 O-O 10. Bd3 Re8 11. Nf3 Nbd7 12. Qc2 Nf8 13. O-O Bd6 14. Rab1
a5 15. a3 Ng6 16. Bxd6 Qxd6 17. b4 Rec8 18. Rfc1 axb4 19. axb4 Nd7 20. Na4
Ngf8 21. Nc5 Rab8 22. Ra1 b6 23. Nxd7 Bxd7 24. Ne5 Be8 25. Bf5 Rc7 26. Qb3
g6 27. Bg4 h5 28. Be2 Rcc8 29. Qc3 Ne6 30. Nd3 Ng5 31. Qc2 Qe7 32. Qd2 Ne4
33. Qe1 Nd6 34. Ne5 f6 35. Nd3 Nc4 36. h4 Bf7 37. Nf4 Kg7 38. g3 Re8 39.
Bd3 g5 40. Ng2 Qd7 41. Kh2 Re7 42. Qd1 Rbe8 43. Be2 Rh8 44. Ra6 Qc7 45.
Rca1 Nd6 46. Bd3 Ne4 47. Bxe4 dxe4 48. Qa4 Bd5 49. Ra7 Qd6 50. Rxe7+ Qxe7
51. Qa7 Qxa7 52. Rxa7+ Kg6 53. Ra6 Rb8 54. Ne1 Kf5 55. Nc2 Bc4 56. Ra7 Bd3
57. Na1 Be2 58. Nb3 gxh4 59. Rc7 Ra8 60. Rxc6 Ra3 61. Nc1 Bf3 62. gxh4 Kg4
63. Rxf6 Rc3 64. Rf4# 1-0

[Event "World Blitz 2023"]
[Site "Samarkand UZB"]
[Date "2023.12.30"]
[Round "18.7"]
[White "Sargsyan, Shant"]
[Black "Christiansen, Johan-Sebastian"]
[Result "0-1"]
[WhiteElo "2633"]
[BlackElo "2541"]
[EventDate "2023.12.29"]

1. d4 Nf6 2. Nf3 c5 3. d5 b5 4. Bg5 g6 5. a4 b4 6. Bxf6 exf6 7. a5 Bg7 8.
e3 O-O 9. Bc4 f5 10. c3 d6 11. O-O Nd7 12. Qc2 Rb8 13. Nbd2 Nf6 14. Rfd1
Re8 15. Ra2 Ne4 16. Nxe4 fxe4 17. Nd2 f5 18. cxb4 Rxb4 19. b3 h5 20. Nf1 h4
21. Qe2 Qg5 22. a6 Be5 23. Ra5 f4 24. exf4 Bxf4 25. Ne3 Rf8 26. g3 Be5 27.
Ng2 Bd4 28. Rf1 hxg3 29. hxg3 Qxg3 30. Ra2 Bh3 31. Qxe4 Rbb8 32. Kh1 Qg5
33. Be2 Rbe8 0-1

[Event "World Blitz 2023"]
[Site "Samarkand UZB"]
[Date "2023.12.30"]
[Round "18.8"]
[White "Niemann, Hans Moke"]
[Black "Guseinov, Gadir"]
[Result "0-1"]
[WhiteElo "2614"]
[BlackElo "2563"]
[EventDate "2023.12.29"]

1. e4 c5 2. Nf3 g6 3. c4 Nc6 4. d4 cxd4 5. Nxd4 Nf6 6. Nc3 Nxd4 7. Qxd4 d6
8. Be2 Bg7 9. Be3 O-O 10. Qd3 a5 11. O-O Bd7 12. Bd4 Bc6 13. Kh1 a4 14. b4
axb3 15. axb3 Nd7 16. Bxg7 Kxg7 17. b4 b6 18. f4 Rxa1 19. Rxa1 Qc7 20. h3
Ra8 21. Qd1 Nf6 22. Rxa8 Bxa8 23. Qa1 Bc6 24. b5 Bb7 25. Qa7 e6 26. Bd3 Qc5
27. Qxb7 Qd4 28. Be2 Qxc3 29. Qxb6 Nxe4 30. Bf3 Qc1+ 31. Qg1 Ng3+ 32. Kh2
Qxf4 33. Qa1+ e5 34. b6 Nf1+ 35. Kg1 Nd2 36. Qc3 Nxf3+ 37. gxf3 Qg3+ 38.
Kf1 Qxh3+ 39. Ke2 Qg2+ 40. Ke1 Qg1+ 41. Ke2 Qxb6 0-1

[Event "World Blitz 2023"]
[Site "Samarkand UZB"]
[Date "2023.12.30"]
[Round "18.11"]
[White "Sychev, Klementy"]
[Black "Makhnev, Denis"]
[Result "0-1"]
[WhiteElo "2583"]
[BlackElo "2528"]
[EventDate "2023.12.29"]

1. e4 e5 2. Nf3 Nc6 3. d4 exd4 4. Nxd4 Bc5 5. Nb3 Bb6 6. Nc3 d6 7. Qe2 a5
8. Be3 a4 9. Bxb6 axb3 10. Be3 bxa2 11. Rxa2 Rxa2 12. Nxa2 Nf6 13. Nc3 O-O
14. Qd2 Re8 15. Bd3 Nb4 16. O-O Nxd3 17. cxd3 d5 18. e5 Rxe5 19. Bd4 Re8
20. Qg5 c6 21. h3 h6 22. Qf4 Nh5 23. Qf3 Qg5 24. Ne2 Bxh3 25. Qxh3 Rxe2 26.
Be3 Qg6 27. Qc8+ Kh7 28. Qxb7 f5 29. Qc7 Rxb2 30. Rc1 f4 31. Bxf4 Qxd3 32.
Be3 Rc2 33. Rxc2 Qxc2 34. Qe5 Qg6 35. Bd4 Nf6 36. f3 Nd7 37. Qe7 Nf6 38.
Qe6 Ng8 39. Qe5 Qf6 40. Qe3 Qf7 41. Qd3+ Kh8 42. Qc3 Qg6 43. Qe3 Kh7 44.
Kf2 Nf6 45. Kg1 Qe8 46. Qd3+ Kg8 47. Qc3 Kf7 48. Qd3 Qe6 49. Qc3 Ne8 50.
Kh2 g5 51. Qc2 Nf6 52. Qb1 h5 53. Qc2 h4 54. Qc1 Kg6 55. Qc2+ Qf5 56. Qc3
Qe6 57. Qc2+ Kh6 58. Qd2 Nh5 59. Bc3 Nf4 60. Qd4 Qf7 61. Qh8+ Kg6 62. Qe5
Ne6 63. Bd2 Qc7 0-1

[Event "World Blitz 2023"]
[Site "Samarkand UZB"]
[Date "2023.12.30"]
[Round "18.12"]
[White "Yakubboev, Nodirbek"]
[Black "Mitrabha, Guha"]
[Result "1-0"]
[WhiteElo "2582"]
[BlackElo "2512"]
[EventDate "2023.12.29"]

1. c4 Nf6 2. Nc3 c5 3. Nf3 g6 4. e4 Bg7 5. d4 cxd4 6. Nxd4 Nc6 7. Be3 d6 8.
f3 O-O 9. Qd2 Nxd4 10. Bxd4 a5 11. Na4 Nd7 12. Be3 b6 13. Be2 Nc5 14. Nc3
a4 15. Rc1 Be6 16. O-O Qc7 17. Nd5 Bxd5 18. cxd5 Qd7 19. Qb4 Rfc8 20. Bb5
Qa7 21. Rc2 a3 22. b3 Nxb3 23. Qxb3 Qa5 24. Bc6 1-0

[Event "World Blitz 2023"]
[Site "Samarkand UZB"]
[Date "2023.12.30"]
[Round "18.13"]
[White "Kovalev, Vladislav"]
[Black "Hovhannisyan, Robert"]
[Result "0-1"]
[WhiteElo "2539"]
[BlackElo "2570"]
[EventDate "2023.12.29"]

1. e4 e5 2. Nf3 Nc6 3. Bb5 Nf6 4. O-O Nxe4 5. Re1 Nd6 6. Nxe5 Be7 7. Bf1
Nxe5 8. Rxe5 O-O 9. d4 Bf6 10. Re1 Nf5 11. c3 d5 12. Nd2 c6 13. Nf3 Nd6 14.
Bf4 Bf5 15. Bd3 Bxd3 16. Qxd3 Ne4 17. Nd2 Nxd2 18. Qxd2 Qd7 19. Re2 Rfe8
20. Rae1 Rxe2 21. Qxe2 h6 22. h3 Qf5 23. Qg4 Qxg4 24. hxg4 Rd8 25. Bc7 Rc8
26. Bd6 g6 27. Kf1 Kg7 28. f4 g5 29. g3 Rd8 30. Be7 Rc8 31. Kf2 Rh8 32. Kf3
Rc8 33. a4 a6 34. a5 Ra8 35. Bc5 Rc8 36. Re2 Ra8 37. b3 Rd8 38. Re3 Rc8 39.
Ke2 Rh8 40. Bd6 Rd8 41. Be7 Rc8 42. Kd3 Rh8 43. c4 Rg8 44. Bd6 gxf4 45.
gxf4 Kh7 46. Be7 Bh8 47. g5 hxg5 48. fxg5 Re8 49. cxd5 cxd5 50. Bd6 Rxe3+
51. Kxe3 Kg6 52. Be7 Kf5 53. Kd3 Kf4 54. Bd8 Bg7 55. Be7 Kf3 56. Bd8 Bf8
57. Bf6 Bd6 58. Bd8 Bf4 59. Kc3 Bd6 60. Kd3 Bb4 61. Bc7 Be1 62. Bd8 Kf4 63.
Ke2 Bb4 64. Kd3 Kg4 65. Ke3 Be1 66. Kd3 Bh4 67. Kc3 Bxg5 68. Bc7 Be7 69.
Bb6 Kf3 70. Bc5 Bh4 71. Bd6 Be1+ 72. Kd3 Bxa5 0-1

[Event "World Blitz 2023"]
[Site "Samarkand UZB"]
[Date "2023.12.30"]
[Round "18.14"]
[White "Ter-Sahakyan, Samvel"]
[Black "Smirnov, Anton"]
[Result "1-0"]
[WhiteElo "2556"]
[BlackElo "2647"]
[EventDate "2023.12.29"]

1. d4 d5 2. c4 c6 3. Nf3 Nf6 4. Nc3 dxc4 5. e4 b5 6. a4 b4 7. Na2 Nxe4 8.
Bxc4 e6 9. O-O Be7 10. Re1 Nf6 11. Bg5 Nbd7 12. Nc1 Bb7 13. Nd3 c5 14. dxc5
Nxc5 15. Bb5+ Kf8 16. Nxc5 Bxc5 17. Qe2 h6 18. Rad1 Qb6 19. Bh4 a6 20. Bc4
Bxf3 21. Qxf3 Ke7 22. a5 Qxa5 23. Qb7+ 1-0

[Event "World Blitz 2023"]
[Site "Samarkand UZB"]
[Date "2023.12.30"]
[Round "18.15"]
[White "Sanal, Vahap"]
[Black "Chigaev, Maksim"]
[Result "1-0"]
[WhiteElo "2637"]
[BlackElo "2561"]
[EventDate "2023.12.29"]

1. e4 e5 2. Nf3 Nc6 3. Bb5 a6 4. Ba4 Nf6 5. O-O Be7 6. Bxc6 dxc6 7. Re1 Nd7
8. d4 exd4 9. Qxd4 O-O 10. Bf4 Nc5 11. Qe3 Ne6 12. Bg3 c5 13. Nc3 Nd4 14.
Rad1 Bg4 15. Ne2 Bxf3 16. gxf3 Nxe2+ 17. Qxe2 Qc8 18. Qc4 b5 19. Qd5 c6 20.
Qd7 Re8 21. Qxc8 Raxc8 22. Rd7 h5 23. Red1 Bf6 24. b3 a5 25. Kg2 a4 26.
bxa4 bxa4 27. Ra7 Ra8 28. Rdd7 h4 29. Bf4 g5 30. Be3 Rxa7 31. Rxa7 Kg7 32.
Rxa4 Kg6 33. Bxc5 Be5 34. h3 Rd8 35. Ra6 Rc8 36. a4 f6 37. a5 Kf7 38. Ra7+
Kg6 39. a6 1-0

[Event "World Blitz 2023"]
[Site "Samarkand UZB"]
[Date "2023.12.30"]
[Round "18.16"]
[White "Fressinet, Laurent"]
[Black "Iljiushenok, Ilia"]
[Result "0-1"]
[WhiteElo "2636"]
[BlackElo "2479"]
[EventDate "2023.12.29"]

1. d4 Nf6 2. Nf3 d5 3. c4 e6 4. Nc3 c5 5. e3 a6 6. cxd5 exd5 7. Be2 Nc6 8.
O-O cxd4 9. exd4 Be7 10. Ne5 O-O 11. Bf4 Bf5 12. Nxc6 bxc6 13. Rc1 Bd6 14.
Qd2 Re8 15. Bf3 Rb8 16. b3 h6 17. Na4 Qc7 18. Bg3 Be4 19. Be2 Bg6 20. Nc5
Qe7 21. Bxa6 Bxc5 22. Bxb8 Bb4 23. Qf4 Ne4 24. Rxc6 Nd2 25. Qe5 Nxf1 26.
Bxf1 Qd8 27. Bc7 Qd7 28. Rd6 Bxd6 29. Qxd6 Qxd6 30. Bxd6 Re1 31. f3 Bd3 0-1

[Event "World Blitz 2023"]
[Site "Samarkand UZB"]
[Date "2023.12.30"]
[Round "18.18"]
[White "Quparadze, Giga"]
[Black "Nogerbek, Kazybek"]
[Result "0-1"]
[WhiteElo "2617"]
[BlackElo "2488"]
[EventDate "2023.12.29"]

1. e4 e5 2. Nf3 Nc6 3. Bb5 a6 4. Ba4 Nf6 5. O-O Be7 6. Re1 b5 7. Bb3 O-O 8.
a4 Rb8 9. axb5 axb5 10. d3 d6 11. c3 h6 12. h3 Re8 13. Nbd2 Bf8 14. Nf1 Be6
15. Bxe6 Rxe6 16. Ng3 d5 17. Qe2 Qd7 18. Nf5 Kh7 19. Nh2 Rd8 20. Ng4 Nxg4
21. hxg4 dxe4 22. dxe4 g6 23. Ne3 Ne7 24. Rd1 Rd6 25. Rxd6 cxd6 26. c4 bxc4
27. Nxc4 Qb5 28. Ra5 Qb3 29. Ra3 Qb5 30. Rf3 Kg8 31. b3 Qd7 32. Rh3 d5 33.
Nxe5 Qe6 34. Bb2 Bg7 35. f4 dxe4 36. Qxe4 Rd1+ 37. Kh2 Qb6 38. Qe3 Qxe3 39.
Rxe3 Nd5 40. Re4 Rb1 41. Re2 Nxf4 42. Rc2 Rxb2 43. Rxb2 Bxe5 44. Ra2 Nd5+
45. Kg1 Bd4+ 46. Kh2 Be5+ 47. Kg1 Nb4 48. Ra4 Bd6 49. Kf2 Kf8 50. Ke3 Ke7
51. Kd4 Ke6 52. Kc4 Nc6 53. Kc3 Ne5 54. Re4 Kd5 55. Rd4+ Kc6 56. b4 Bc7 57.
Re4 Nd7 58. Re7 Ne5 59. Kd4 Nxg4 60. Rxf7 Bd6 61. Kc3 Ne3 62. Rh7 Ng4 63.
Kb3 h5 64. Ka4 Ne5 65. b5+ Kb6 66. Rg7 h4 67. Rh7 g5 68. Rh6 Kc5 69. b6 Nd7
70. b7 Kc6 71. Rg6 Nc5+ 72. Kb4 Nxb7+ 73. Kc4 Nc5 74. Rxg5 Ne6 75. Rg4 Bg3
76. Kd3 Kd5 77. Ke3 Be1 78. Ke2 Bg3 79. Ke3 Ke5 80. Ra4 Kf5 81. Ke2 Nf4+
82. Kf1 Bh2 83. Kf2 Kg4 84. Ra8 Ne6 85. Rg8+ Ng5 86. Kf1 Kf5 87. Kf2 Ne4+
88. Kf3 Ng5+ 89. Kf2 Kg4 90. Kf1 Bf4 91. Kf2 Bd6 92. Kf1 Bc5 93. Rg7 Be3
94. Rg8 Kg3 95. Rg6 Kh2 96. Rg8 Bf4 97. Rh8 Bg3 98. Re8 Nf7 99. Re2 Ne5
100. Re4 Kh1 101. Ra4 Ng6 102. Rb4 Nf4 103. Rb2 Nd5 104. Re2 Kh2 105. Re4
Nf4 106. Ra4 Kh1 107. Ra2 Nd5 108. Re2 Nf6 109. Re6 Ng4 110. Re2 Nh2# 0-1